Statistiques concernant Gouvernorats de la Tunisie

Cliquez ici pour prendre le quiz!

Statistiques générales

  • Ce quiz a été pris 211 fois
  • Le résultat moyen est 16 sur 24

Statistiques - réponses

Réponse% Correct
Tunis
99%
Sfax
96%
Sousse
92%
Bizerte
85%
Gabès
81%
Tataouine
79%
Nabeul
77%
Tozeur
76%
Kairouan
75%
Ariana
73%
Monastir
72%
Béja
70%
Gafsa
70%
Médenine
60%
Ben Arous
59%
Le Kef
59%
Jendouba
58%
Mahdia
55%
Sidi Bouzid
51%
Kasserine
48%
La Manouba
43%
Zaghouan
39%
Kébili
37%
Siliana
36%

Distribution des résultats

Percentile par nombre de réponses

% des personnes avec chaque résultat

Votre développement - résultats

Vous n’avez pas pris ce quiz